Dissemination of changes between model and implementation
Salvato in:
| Autore principale: | |
|---|---|
| Altri autori: | |
| Natura: | Manoscritto Libro |
| Lingua: | slovacco inglese |
| Pubblicazione: |
2019
|
| Soggetti: | |
| Accesso online: | http://is.stuba.sk/zp/portal_zp.pl?podrobnosti=145568 |
| Tags: |
Nessun Tag, puoi essere il primo ad aggiungerne!!
|
MARC
| LEADER | 00000ntm a22000003a 4500 | ||
|---|---|---|---|
| 001 | stuzp75025 | ||
| 003 | SK-STU | ||
| 005 | 20200514152127.3 | ||
| 007 | ta | ||
| 008 | 150427s2015----xo-----f-mn---000-0-slo-d | ||
| 040 | |a STU |b slo | ||
| 041 | 0 | |a eng | |
| 044 | |a xo | ||
| 100 | 1 | |a Súkeník, Filip |u 070200 |k Z4 |4 aut |U FIIT Fakulta informatiky a informačných technológií |T FIIT Ústav informatiky, informačných systémov a softvérového inžinierstva |X 74245 |U I200 |Y 179 |7 74245 | |
| 242 | 0 | 1 | |a Šírenie zmien medzi modelom a implementáciou |y slo |
| 245 | 1 | 0 | |a Dissemination of changes between model and implementation |
| 260 | |c 2019 | ||
| 650 | 4 | |a Modelovanie |2 slo | |
| 650 | 4 | |a Mapovanie |2 slo | |
| 650 | 4 | |a Podobnosť |2 slo | |
| 650 | 4 | |a Modeling |2 eng | |
| 650 | 4 | |a Mapping |2 eng | |
| 650 | 4 | |a Similarity |2 eng | |
| 700 | 1 | |a Rástočný, Karol |u 070200 |k Z1 |4 ths |U FIIT Fakulta informatiky a informačných technológií |T FIIT Ústav informatiky, informačných systémov a softvérového inžinierstva |X 36279 |U I200 |Y 179 |7 36279 | |
| 856 | 4 | |u http://is.stuba.sk/zp/portal_zp.pl?podrobnosti=145568 | |
| 996 | |c I*DP20/19 |l II680 |s P |a 0 |w stuzp75025_0001 | ||